LEADER 01730nam 2200445 450 001 000012254 005 20100312133400.0 010 $a88-8212-222-0 100 $a20030410d1999----km-y0itay0103----ba 101 0 $aita 102 $aIT 200 1 $aLingua e stile nell'Ottocento italiano: due saggi$eatti del corso di aggiornamento, Novara, marzo-aprile 1998$fPier Vincenzo Mengaldo, Giuseppe Zaccaria 200 1 $a1 $n0006127 210 $aNovara$cInterlinea$dc1999 215 $a59 p.$d21 cm. 225 2 $aBiblioteca del Centro Novarese di Studi Letterari$v23 410 0$12001$aBiblioteca del Centro Novarese di Studi Letterari$v23 600 1$aNievo,$bIppolito$tLe confessioni di un italiano 600 1$aTorelli,$bGiuseppe$tEmiliano 600 1$aSacchetti,$bRoberto$tEntusiasmi 676 $a853.7$v(21. ed.)$9Narrativa italiana. 1814-1859 700 1$aMengaldo,$bPier Vincenzo$0152369 701 1$aZaccaria,$bGiuseppe$0145081 801 0$aIT$bUniversità della Basilicata - B.I.A.$gRICA$2unimarc 912 $a000012254 996 $aLingua e stile nell'Ottocento italiano: due saggi$978149 997 $aUNIBAS BAS $aMONLET BAS $aLETTERE CAT $aSTD020$b01$c20030410$lBAS01$h1550 CAT $aDILEO$b21$c20030423$lBAS01$h1258 CAT $c20050601$lBAS01$h1755 CAT $abatch$b01$c20050718$lBAS01$h1051 CAT $c20050718$lBAS01$h1110 CAT $c20050718$lBAS01$h1140 CAT $c20050718$lBAS01$h1154 CAT $aBATCH$b00$c20070503$lBAS01$h1735 CAT $aATR$b40$c20100312$lBAS01$h1334 FMT Z30 -1$lBAS01$LBAS01$mBOOK$1BASA1$APolo Storico-Umanistico$2DSLF$BCollezione DiSLF$3DF/6412$66412$5F6412$820030410$f04$FPrestabile Didattica LEADER 01624nam 2200541 a 450 001 9910449808003321 005 20210114014812.0 035 $a(CKB)1000000000000598 035 $a(OCoLC)70769100 035 $a(CaPaEBR)ebrary10005867 035 $a(SSID)ssj0000276892 035 $a(PQKBManifestationID)11212945 035 $a(PQKBTitleCode)TC0000276892 035 $a(PQKBWorkID)10226154 035 $a(PQKB)11056650 035 $a(MiAaPQ)EBC3386043 035 $a(EXLCZ)991000000000000598 100 $a20150424d2001 uy| 0 101 0 $aeng 135 $aur||||||||||| 181 $ctxt 182 $cc 183 $acr 200 10$aAng Lee$b[electronic resource] 210 $aHarpenden, GBR $cPocket Essentials$d2001 210 $cPocket Essentials 215 $a1 online resource (96 p.) 225 1 $aPocket essentials. Film 300 $aBibliographic Level Mode of Issuance: Monograph 311 $a1-903047-71-4 410 0$aPocket essential.$pFilm. 606 $aMotion picture producers and directors$zTaiwan$vBiography 606 $aPERFORMING ARTS$2bisac 606 $aFilm & Video / History & Criticism$2bisac 606 $aFilm$2HILCC 606 $aMusic, Dance, Drama & Film$2HILCC 615 0$aMotion picture producers and directors 615 7$aPERFORMING ARTS 615 7$aFilm & Video / History & Criticism 615 7$aFilm 615 7$aMusic, Dance, Drama & Film 700 $aCheshire$b Ellen$0882139 801 0$bPQKB 801 2$bAzTeS 906 $aBOOK 912 $a9910449808003321 996 $aAng Lee$91970382 997 $aUNINA LEADER 01053cam0 22003013 450 001 E600200022016 005 20230925075358.0 100 $a20061025d2006 |||||ita|0103 ba 101 $aita 102 $aIT 200 1 $aCommentario breve al codice penale$eComplemento giurisprudenziale$fcur. Alberto Crespi$gFederico Stella$c; Giuseppe Zuccalà [et al.] 205 $a8. ed 210 $aPadova$cCEDAM$d2006 215 $aXXX, 2306, p.$d21 cm 225 2 $aBreviaria iuris 410 1$1001LAEC00015486$12001 $a*Breviaria iuris 702 1$aCrespi, Alberto$3AF00012594$4070 702 1$aSTELLA, Federico$3AF00015916$4070 702 1$aZuccalà, Giuseppe$3AF00015917$4070 801 0$aIT$bUNISOB$c20230925$gRICA 850 $aUNISOB 852 $aUNISOB$j340|Coll|9|K$m131809 912 $aE600200022016 940 $aM 102 Monografia moderna SBN 941 $aM 957 $a340|Coll|9|K$b000049$gCON$d131809$racquisto$1catenacci$2UNISOB$3UNISOB$420061025065411.0$520230925075358.0$6Alfano 996 $aCommentario$91407416 997 $aUNISOB